Statistics for 第三種鉄道事業者

Click here to take the quiz!

General Stats

  • This quiz has been taken 42 times
  • The average score is 4 of 25

Answer Stats

Answer% Correct
神戸高速鉄道
62%
青森県
50%
成田空港高速鉄道
44%
千葉ニュータウン鉄道
38%
福島県
29%
関西高速鉄道
26%
北近畿タンゴ鉄道
24%
成田高速鉄道アクセス
18%
和歌山県
18%
中之島高速鉄道
15%
奈良生駒高速鉄道
12%
西大阪高速鉄道
12%
新関西国際空港
12%
北九州市
9%
若桜町
9%
大阪港トランスポートシステム
9%
四日市市
9%
大阪外環状鉄道
6%
甲賀市
6%
伊賀市
6%
上飯田連絡線
6%
中部国際空港連絡鉄道
6%
養老線管理機構
3%
八頭町
3%
佐賀・長崎鉄道管理センター
3%

Score Distribution

Percentile by Number Answered

Percent of People with Each Score

Your Score History

You have not taken this quiz